<?xml version="1.0" encoding="UTF-8"?>
<record
    xmlns:xsi="http://www.w3.org/2001/XMLSchema-instance"
    xsi:schemaLocation="http://www.loc.gov/MARC21/slim http://www.loc.gov/standards/marcxml/schema/MARC21slim.xsd"
    xmlns="http://www.loc.gov/MARC21/slim">

  <leader>01405nam a22002657a 4500</leader>
  <controlfield tag="008">160528s2004        xxu||||| |||| 00| 0 eng d</controlfield>
  <datafield tag="020" ind1=" " ind2=" ">
    <subfield code="a">0870706632</subfield>
  </datafield>
  <datafield tag="082" ind1="0" ind2="4">
    <subfield code="a">741.924</subfield>
    <subfield code="b">M986d</subfield>
  </datafield>
  <datafield tag="100" ind1=" " ind2=" ">
    <subfield code="a">Hauptman, Jodi.</subfield>
    <subfield code="e">curador.</subfield>
    <subfield code="9">5049</subfield>
  </datafield>
  <datafield tag="110" ind1="2" ind2=" ">
    <subfield code="a">The Museum of Modern Art.</subfield>
    <subfield code="9">5050</subfield>
  </datafield>
  <datafield tag="245" ind1="1" ind2="0">
    <subfield code="a">Drawing from the modern 1880 -1945 /</subfield>
    <subfield code="c">The Museum of Modern Art ; curador Jodi Hauptman ; editado por Libby Hruska.</subfield>
  </datafield>
  <datafield tag="250" ind1=" " ind2=" ">
    <subfield code="a">1a ed.</subfield>
  </datafield>
  <datafield tag="260" ind1=" " ind2=" ">
    <subfield code="a">Nueva York, Estados Unidos :</subfield>
    <subfield code="b">The Museum of Modern Art,</subfield>
    <subfield code="c">2015.</subfield>
  </datafield>
  <datafield tag="300" ind1=" " ind2=" ">
    <subfield code="a">220p.</subfield>
    <subfield code="b">il. col.</subfield>
  </datafield>
  <datafield tag="500" ind1=" " ind2=" ">
    <subfield code="a">Publicado para la exhibici&#xF3;n  "Drawing from the modern 1880 - 1945", expuesta en The Museum of Modern Art (MoMa) durante el per&#xED;odo de noviembre del 2014 a marzo del 2015, organizado por el curador Jodi Hauptman. Esta es la primera publicaci&#xF3;n de tres vol&#xFA;menes sobre las exhibiciones durante 125 a&#xF1;os de la colecci&#xF3;n del MoMa.</subfield>
  </datafield>
  <datafield tag="505" ind1=" " ind2=" ">
    <subfield code="t">Foreword</subfield>
    <subfield code="r">Glenn D. Lowry.</subfield>
    <subfield code="t">Acknowledgments</subfield>
    <subfield code="t">Preface</subfield>
    <subfield code="r">Gary Garrels.</subfield>
    <subfield code="t">Drawing from the modern; imagination without strings</subfield>
    <subfield code="r">Jodi Hauptman.</subfield>
    <subfield code="t">Plates.</subfield>
    <subfield code="t">Checklist.</subfield>
    <subfield code="t">Select bibliography.</subfield>
    <subfield code="t">Trustees of The Museum of Modern Art.</subfield>
  </datafield>
  <datafield tag="610" ind1="1" ind2="0">
    <subfield code="a">The Museum of Modern Art</subfield>
    <subfield code="9">5051</subfield>
  </datafield>
  <datafield tag="653" ind1="1" ind2="0">
    <subfield code="a">Arte moderno</subfield>
  </datafield>
  <datafield tag="653" ind1="1" ind2="0">
    <subfield code="a">Dibujo moderno</subfield>
  </datafield>
  <datafield tag="653" ind1="1" ind2="0">
    <subfield code="a">Exibiciones</subfield>
  </datafield>
  <datafield tag="653" ind1="1" ind2="0">
    <subfield code="a">Colecciones de dibujos</subfield>
  </datafield>
  <datafield tag="653" ind1="1" ind2="0">
    <subfield code="a">Ilustradores</subfield>
  </datafield>
  <datafield tag="700" ind1="1" ind2=" ">
    <subfield code="a">Hauptman, Jodi.</subfield>
    <subfield code="e">curador.</subfield>
    <subfield code="9">5052</subfield>
  </datafield>
  <datafield tag="700" ind1="1" ind2=" ">
    <subfield code="a">Hruska, Libby.</subfield>
    <subfield code="e">ed.</subfield>
    <subfield code="9">5053</subfield>
  </datafield>
  <datafield tag="999" ind1=" " ind2=" ">
    <subfield code="c">922</subfield>
    <subfield code="d">922</subfield>
  </datafield>
  <datafield tag="952" ind1=" " ind2=" ">
    <subfield code="0">0</subfield>
    <subfield code="1">0</subfield>
    <subfield code="2">ddc</subfield>
    <subfield code="4">0</subfield>
    <subfield code="7">0</subfield>
    <subfield code="a">LV</subfield>
    <subfield code="b">LV</subfield>
    <subfield code="c">Colectivas</subfield>
    <subfield code="d">2016-05-28</subfield>
    <subfield code="l">0</subfield>
    <subfield code="o">741.924 M986d</subfield>
    <subfield code="p">001413</subfield>
    <subfield code="r">2016-05-28 00:00:00</subfield>
    <subfield code="w">2016-05-28</subfield>
    <subfield code="y">01</subfield>
  </datafield>
</record>
